000 00778nam a2200169Ia 4500
008 090711s9999 xx 000 0 und d
082 _b1096
100 _aपाडगावकर मंगेश
245 _aसंहिता विंदा करंदीकरांSाी निवडक कविता
260 _bकॉन्टीनेन्टल प्रकाशन
_c1997
300 _a221
600 _aपाडगावकर मंगेश
630 _aसंहिता विंदा करंदीकरांSाी निवडक कविता
700 _aपाडगावकर मंगेश
730 _aसंहिता विंदा करंदीकरांSाी निवडक कविता
942 _cBOOK
999 _c324592
_d324592